Gaming Quiz

Random Gaming Quiz

Watchmojo's Top 10 Saddest Deaths In Video Games Quiz Stats

 Plays Quiz not verified by Sporcle

Challenge
Share
Tweet
Embed
Score 0/15 Timer 05:00
0 Plays Today
Number Character Name % Correct
3.Cortana
73.9%
1.Aeris
56.5%
2.Lee Everett
34.8%
7.Soap MacTavish
34.8%
4.Sarah
26.1%
8.Agro
26.1%
12.Eli Vance
26.1%
5.Maria Santiago
21.7%
Number Character Name % Correct
10.Roman Bellic
21.7%
14.Ethan Mars
21.7%
15.Mikau
13%
6.The Auditore Family
8.7%
9.Thane Krios
8.7%
13.Steve Burnside
8.7%
11.Lirum
4.3%

You're not logged in!

Compare scores with friends on all Sporcle quizzes.
Join for Free
OR
Log In

You Might Also Like...

Show Comments

Extras

Created Jan 21, 2017ReportNominate
Tags:character, death, honorable, Top 10, video

Top Quizzes Today


Score Distribution

Your Account Isn't Verified!

In order to create a playlist on Sporcle, you need to verify the email address you used during registration. Go to your Sporcle Settings to finish the process.

Report this User

Report this user for behavior that violates our Community Guidelines.

Details: